[Event "Niedersachsen-chT U14"]
[Site "Stade"]
[Date "2007.05.20"]
[Round "7.3"]
[White "Hermann, Kai"]
[Black "Choufatinski, Dimitri"]
[Result "1-0"]
[WhiteElo "1148"]
[BlackElo "1224"]
[PlyCount "109"]
[EventDate "2007.05.17"]
[EventType "team-tourn"]
[EventRounds "7"]
[EventCountry "GER"]
[SourceTitle "EXT 2008"]
[Source "ChessBase"]
[SourceDate "2007.11.25"]
[SourceVersion "1"]
[SourceVersionDate "2007.11.25"]
[SourceQuality "1"]

1. d4 d5 2. Nf3 Nc6 3. Bf4 Bf5 4. c4 Nb4 5. Qa4+ Nc6 6. Ne5 Bd7 7. Nxd7 Qxd7 8. e3 e6 9. a3 Nf6 10. Nc3 Be7 11. Nb5 Bd6 12. Nxd6+ cxd6 13. Bg5 Ne4 14. cxd5 Nxg5 15. dxc6 bxc6 16. Bd3 f6 17. Rc1 Rc8 18. Rxc6 0-0 19. Bb5 Rxc6 20. Bxc6 Qc8 21. 0-0 Rf7 22. h4 Rc7 23. Bb7 Nh3+ 24. gxh3 Rxb7 25. b4 Qd7 26. Qxd7 Rxd7 27. Ra1 Kf7 28. b5 d5 29. a4 e5 30. a5 Rb7 31. Rb1 Ke6 32. b6 axb6 33. a6 Ra7 34. Rxb6+ Kd7 35. dxe5 fxe5 36. Kg2 Kc7 37. Re6 Kd7 38. Rxe5 Kd6 39. Rg5 g6 40. h5 Rxa6 41. hxg6 h6 42. g7 Ra8 43. Rg6+ Ke5 44. g8Q Rxg8 45. Rxg8 Ke4 46. Rh8 Kf5 47. Rxh6 Ke5 48. Rg6 Kf5 49. Rg3 Ke4 50. h4 Kf5 51. h5 Ke4 52. h6 d4 53. exd4 Kxd4 54. h7 Ke4 55. h8Q 1-0

[Event "Niedersachsen-chT U14"]
[Site "Stade"]
[Date "2007.05.17"]
[Round "2.3"]
[White "Stickler, Peter Michael"]
[Black "Hermann, Kai"]
[Result "0-1"]
[WhiteElo "1205"]
[BlackElo "1148"]
[PlyCount "46"]
[EventDate "2007.05.17"]
[EventType "team-tourn"]
[EventRounds "7"]
[EventCountry "GER"]
[SourceTitle "EXT 2008"]
[Source "ChessBase"]
[SourceDate "2007.11.25"]
[SourceVersion "1"]
[SourceVersionDate "2007.11.25"]
[SourceQuality "1"]

1. e4 d5 2. Nc3 Nf6 3. d3 dxe4 4. dxe4 Qxd1+ 5. Kxd1 e5 6. Be3 c6 7. Bc4 b5 8. Bd3 Nbd7 9. Nf3 Ng4 10. Re1 Nxe3+ 11. Rxe3 Bc5 12. Re2 0-0 13. g4 Re8 14. g5 Nb6 15. h3 Bxh3 16. Nh2 Rad8 17. Kd2 Nc4+ 18. Kc1 Re6 19. Bxc4 bxc4 20. Na4 Be7 21. b3 Ba3+ 22. Nb2 Red6 23. Nf3 Rd1# 0-1